000 00625nam a2200241Ia 4500
003 OSt
005 20220928115710.0
006 a|||||r|||| 00| 0
007 ta
008 220927b |||||||| |||| 00| 0 eng d
024 _a65827
037 _cTextual
040 _aSDCL
_cSDCL
_beng
041 _2eng
_aeng
082 _aY9(W:5), N9
100 _aMiller David
245 0 _aPrinciples of social justice
260 _aCambridge
_bHarvard University Press
_c1999
300 _axi,329p
_ccm.
650 _aSocial Justice
942 _hY9(W:5), N9
_cTEXL
_2CC
999 _c760579
_d760579